| 000 | 00999nam a2200253 a 4500 | ||
|---|---|---|---|
| 005 | 20090525123341.0 | ||
| 008 | 070816s2008 nyua b 001 0 eng | ||
| 010 | _aENG-93699 | ||
| 020 |
_a9780070091504 _c150.00 |
||
| 020 |
_a070091501 _c150.00 |
||
| 035 | _aEN-77232 | ||
| 037 | _bDBAD / PUB | ||
| 040 |
_adpl _bEnglish |
||
| 082 | _a346.5407 | ||
| 100 | _aMadhu Balan, A.K. | ||
| 245 |
_aMCQs in Mercantile law: _cby A.K. Madhu Balan [and] A.M. Madhuri Devi _bfor CA Common Proficiency Test (CPT) / |
||
| 260 |
_aNew Delhi _bTata McGraw-Hill Publishing _c2009 |
||
| 270 |
_a7 West Patel Nagar, _bNew Delhi _e110008 |
||
| 300 |
_axii, 233p.: _c23cm(pbk) |
||
| 650 |
_aCommercial law _xExaminations, questions, etc. |
||
| 700 | _aMadhuri Devi, A.M. | ||
| 942 |
_2ddc _cEN _mMAD _h346.5407 |
||
| 999 |
_c26764 _d26764 |
||